| 000 | 00559nam a2200205Ia 4500 | ||
|---|---|---|---|
| 005 | 20250326142854.0 | ||
| 008 | 250326s9999 xx 000 0 und d | ||
| 020 | _a1-85278-638-8 | ||
| 037 | _aTextbook | ||
| 040 |
_aFMSL _beng _cFMSL |
||
| 041 |
_aeng _2eng |
||
| 084 |
_aX.1 N3.1 _qFMSL |
||
| 100 | _aRima Ingrid H | ||
| 245 | 0 |
_aPolitical economy of global restructuring _cRima Ingrid H |
|
| 260 |
_aEngland _bEngland, Edward Elgar _c1993 |
||
| 300 | _axv,228 | ||
| 490 | _vvol. 1 | ||
| 942 |
_cTB _hX.1 N3.1 |
||
| 999 |
_c1297044 _d1297044 |
||